Оценка коррозийных поражений колонн ректификации и сероочистки углеводородных газов; Техническая диагностика и неразрушающий контроль; № 2

Manylion Llyfryddiaeth
Parent link:Техническая диагностика и неразрушающий контроль: научно-технический и производственный журнал/ Национальная академия наук Украины (НАНУ), Институт электросварки им. Е. О. Патона (ИЭС) ; Международная ассоциация "Сварка".— , 1990-1993, 2001-.— 0235-3474
№ 2.— 2005.— С. 3-8
Prif Awdur: Рабкина М. Д.
Iaith:Rwseg
Cyhoeddwyd: 2005
Cyfres:Техническая диагностика
Pynciau:
Fformat: Pennod Llyfr
KOHA link:https://koha.lib.tpu.ru/cgi-bin/koha/opac-detail.pl?biblionumber=398220

MARC

LEADER 00000naa2a2200000 4500
001 398220
005 20231101065022.0
035 |a (RuTPU)RU\TPU\prd\38087 
090 |a 398220 
100 |a 20050916a2005 k y0rusy50 ca 
101 0 |a rus 
102 |a RU 
200 1 |a Оценка коррозийных поражений колонн ректификации и сероочистки углеводородных газов  |f М. Д. Рабкина 
225 1 |a Техническая диагностика 
320 |a Библиогр.: 11 назв. 
461 0 |0 (RuTPU)RU\TPU\prd\1736  |x 0235-3474  |t Техническая диагностика и неразрушающий контроль  |o научно-технический и производственный журнал  |f Национальная академия наук Украины (НАНУ), Институт электросварки им. Е. О. Патона (ИЭС) ; Международная ассоциация "Сварка"  |d 1990-1993, 2001- 
463 0 |0 (RuTPU)RU\TPU\prd\37517  |t № 2  |v С. 3-8  |d 2005 
610 1 |a колонны ректификации 
610 1 |a углеводородные газы 
610 1 |a сероочистка 
610 1 |a коррозия 
610 1 |a физико-механические иследования 
610 1 |a металл 
610 1 |a дефекты 
610 1 |a микротрещины 
675 |a 621.129.16  |v 3 
700 1 |a Рабкина  |b М. Д. 
801 1 |a RU  |b 63413507  |c 20050916  |g PSBO 
801 2 |a RU  |b 63413507  |c 20140128  |g RCR 
942 |c BK